| 000 | 00540nam a2200169Ia 4500 | ||
|---|---|---|---|
| 008 | 151213s9999 xx 000 0 und d | ||
| 020 | _a0-07-062007-2 | ||
| 100 | _aRobert D. Hisrich, Michel P. Peters, Dean , A. Shepherd | ||
| 245 |
_aEntrepreneurship _cRobert D. Hisrich, Michel P. Peters, Dean , A. Shepherd |
||
| 250 | _a6th | ||
| 260 |
_aNew Delhi _bTata mc Graw hill _c2005 |
||
| 300 | _a4974 p. | ||
| 650 | _aManagement | ||
| 650 | _aManagement | ||
| 700 | _aRobert D. Hisrich, Michel P. Peters, Dean , A. Shepherd | ||
| 999 |
_c3104 _d3104 |
||